000 00677nam a2200241Ia 4500
003 OSt
005 20220918225323.0
006 a|||||r|||| 00| 0
007 ta
008 220917b |||||||| |||| 00| 0 eng d
024 _a239,905
037 _cTextual
040 _aARTS
_cARTS
_beng
041 _2eng
_aeng
082 _aO111944,3NRO:g, P6
100 _aMurari Prasad Ed.
_926517
245 0 _aArundhati Roy
_b Critical perspectives
260 _aDelhi
_bPencraft International India
_c2006
300 _a211p.
_ccm.
650 _aENGLISH LITERATURE
942 _hO111944,3NRO:g, P6
_cTEXL
_2CC
999 _c284359
_d284359